=LDR 00000nam 2200000 4500 =001 INLIS000000000026444 =005 20130612124903 =008 ***********************************Ind** =035 ##$$0010-061300000026444 =041 ##$$a Ind =082 ##$$a 370.14 =090 ##$$a 370.14, Yus k =100 ##$$a Yusuf, Pawit M =245 ##$$a Komunikasi pendidikan dan komunikasi konstruksional, Drs. Pawit M. Yusuf =260 ##$$a 1990 $b Bandung =650 ##$$aaxi, 160 hlm, 21 cm =850 ##$$a Pendidikan